South Eastern Kenya University

Library Online Public Access Catalogue


Tellurium. (Record no. 2365)

MARC details
000 -LEADER
fixed length control field 00253nam a22001097a 4500
050 ## - LIBRARY OF CONGRESS CALL NUMBER
Classification Number QD181
Item Number .T4 1971
100 ## - MAIN ENTRY--Author
Personal name W. Charles Cooper.
245 ## - TITLE
Title Tellurium.
260 ## - PUBLICATION, DISTRIBUTION, ETC.(IMPRINT)
Place of publication, distribution, etc New York
Name of publisher, distributor, etc Van Nostrand Reinhold Co.
Date of publication, distribution, etc 1971]
300 ## - PHYSICAL DESCRIPTION
Extent x, 437 p
942 ## - ADDED ENTRY ELEMENTS(KOHA)
Koha item type General circulation
Holdings
Source of classification or shelving scheme Not for loan Location (home branch) Sublocation (holding branch) Date accessioned Cost, normal purchase price Full call number Barcode Cost, replacement price Koha item type Public note
Library of Congress Classification   Main Campus Library Main Campus Library 28/08/2014 900.00 QD181 .T4 1971 2019/022738 1400.00 General circulation kim
Kitui, Kenya.
+254736116989
library@seku.ac.ke